| 000 | 05714cam a22012014i 4500 | ||
|---|---|---|---|
| 003 | PE-LiUPU | ||
| 005 | 20250813185534.0 | ||
| 008 | 150625s r 000 0 d | ||
| 020 | _a9788496743410 | ||
| 035 | _a(Sirsi) i9788496743410 | ||
| 040 |
_aPE-LiUPU _bspa _cPE-LiUPU _erda |
||
| 082 | 0 | 4 |
_a362.1102 _bM282007 _221 |
| 100 | 1 |
_aMateo Floría, Pedro , _eautor. |
|
| 245 | 1 | 0 |
_aManual para el técnico en prevención de riesgos laborales. _n2 / _cPedro Mateo Floría, Agustíin González Ruiz y Diego González Maestre. |
| 250 | _a6a ed. | ||
| 264 | 1 |
_aMadrid : _bFundación Confemetal, _c2007. |
|
| 300 |
_a767 - 1489 : _bilustraciones ; _c23 cm. |
||
| 336 |
_atext _2rdacontent |
||
| 337 |
_aunmediated _2rdamedia |
||
| 338 |
_avolume _2rdacarrier |
||
| 505 | 0 | _aHigiene industrial 5. -Agentes físicos: ruido. -Real decreto 286/2006. -Fundamentos de acústica (I). -Fundamentos de acústica (II). -Efectos de la exposición. -Evaluación y medición. -Control de la exposición (I). -Control de la exposición (II). -Higiene industrial 6. Agentes físicos: ambiente térmico. -Índice PMV-PPD. -Higiene industrial 7. Agentes físicos: vibraciones. -Higiene industria 8. Agentes físicos: radiaciones. -Radiaciones no Ionizantes (I). -Radiaciones no Ionizantes (II). -Radiaciones Ionizantes (I). -Radiaciones Ionizantes (II). -Higiene industrial 9. -Agentes biológicos. -Higiene industrial 10. -Residuos peligrosos. -Ergonomía y psicosociología 1. Conceptos y objetivos. -El cuerpo humano. -Antropometría. -Biomecánica. -Ergonomía y psicosociología 2. Carga física. -Lesiones derivadas de la carga física. -Actividad física. -Manipulación manual de cargas (I). -Manipulación manual de cargas (II). -Posturas de trabajo. -Ergonomía y psicosociología 3. Carga mental. -Ergonomía y psicosociología 4. Factores ambientales. Iluminación. -Componentes básicos de un sistema de iluminación. -Riesgos derivados de la iluminación de los locales y medidas de control. -Ergonomía y psicosociología 5. Factores ambientales. Calidad del aire interior. -Efectos de la calidad del aire sobre la salud - origen de los posibles contaminantes. -Ventilación. -Sindrome del edificio enfermo. -Ergonomía y psicosociología 6. -Concepción y diseño del puesto de trabajo. -Proyecto de los espacios y medios de trabajo. -Postura del cuerpo, esfuerzos musculares, movimientos corporales y ambiente de trabajo. -Introducción a la percepción. -Medios de representación, señalización y mandos. -Ergonomía y psicosociología 7. Puestos de trabajo con pantallas de visualización de datos (PVD). -El puesto de trabajo con PVD. Real deacreto 488/1997. -Condiciones de trabajo en los puestos equipados con PVD. -Diseño ergonómico de puesto de trabajo equipados con PVD. -Ergonomía y psicosociología 8. Psicosociología aplicada. -Factores de naturaleza psicosocial. Factores personales. -Factores de la naturaleza psicosocial. Factores de la tarea. -Consecuencias de los factores psicosociales sobre la salud. Intervención psicosocial. -Técnicas de evaluación de los factores psicosociales. -Gestión de la prevención de riesgos laborales 1. -Evaluación de riesgos (I). -Evaluación de riesgos (II). -Gestión de la prevención de riesgos laborales 2. -Aspectos generales. Modelos de organización. -Órganos de asesoramiento y participación. -Planes y programas de acción preventiva. -La documentación. -La formación. -Gestión de la prevención de riesgos laborales 3. -Primeros auxilios. | |
| 526 | _aP202 | ||
| 526 | _aP201 | ||
| 526 | _aP163 | ||
| 526 | _aP162 | ||
| 526 | _aP161 | ||
| 526 | _aP160 | ||
| 526 | _aP148 | ||
| 526 | _aP147 | ||
| 526 | _aP146 | ||
| 526 | _aP145 | ||
| 526 | _aP144 | ||
| 526 | _aP143 | ||
| 526 | _aP142 | ||
| 526 | _aP141 | ||
| 526 | _aP140 | ||
| 526 | _aP139 | ||
| 526 | _aP138 | ||
| 526 | _aP137 | ||
| 526 | _aP136 | ||
| 526 | _aP135 | ||
| 526 | _aP134 | ||
| 526 | _aP133 | ||
| 526 | _aP129 | ||
| 526 | _aP128 | ||
| 526 | _aP127 | ||
| 526 | _aP120 | ||
| 526 | _aP119 | ||
| 526 | _aP118 | ||
| 526 | _aP116 | ||
| 526 | _aP115 | ||
| 526 | _aP114 | ||
| 526 | _aP110 | ||
| 526 | _aP109 | ||
| 526 | _aP108 | ||
| 526 | _aP104 | ||
| 526 | _aP103 | ||
| 526 | _aP102 | ||
| 526 | _aP99 | ||
| 526 | _aP98 | ||
| 526 | _aP97 | ||
| 526 | _aP96 | ||
| 526 | _aP95 | ||
| 526 | _aP93 | ||
| 526 | _aP90 | ||
| 526 | _aP89 | ||
| 526 | _aP88 | ||
| 526 | _aP83 | ||
| 526 | _aP82 | ||
| 526 | _aP62 | ||
| 526 | _aP59 | ||
| 526 | _aP58 | ||
| 526 | _aP57 | ||
| 526 | _aP51 | ||
| 526 | _aP49 | ||
| 526 | _aP48 | ||
| 526 | _aP47 | ||
| 526 | _aP29 | ||
| 526 | _aP24 | ||
| 526 | _aP20 | ||
| 526 | _aP19 | ||
| 526 | _aP17 | ||
| 526 | _aP15 | ||
| 526 | _aP14 | ||
| 526 | _aP12 | ||
| 526 | _aP10 | ||
| 526 | _aP09 | ||
| 526 | _aP08 | ||
| 526 | _aP07 | ||
| 526 | _aP06 | ||
| 526 | _aP05 | ||
| 526 | _aP04 | ||
| 526 | _aP01 | ||
| 541 | _g001-0028396; | ||
| 650 | 0 | 4 |
_aHigiene industrial _xLeyes y legislacion. |
| 700 | 1 |
_aGonzalez Ruíz, Agustín, _eautor. |
|
| 700 | 1 |
_aGonzález Maestre, Diego, _eautor. |
|
| 910 |
_bjv _clch _d20080626 |
||
| 942 |
_2ddc _cBOOK |
||
| 949 |
_a362.1102 M28 2 2007 _wDEWEY _c1 _i58314 _lCCODEBUL1 _mBUL _p57.00 _r0 _sY _tBOOK _u2015-06-25 _xINGENIERIA _PP24 _0COMPRA _o.STAFF. Colección General |
||
| 596 | _a1 | ||
| 999 |
_a362.1102 M28 2 2007 _wDEWEY _c47259 _i58314 _d47259 _f2021-11-5 _g7 _lCCODEBUL1 _mBUL _p57.00 _q1 _r0 _sY _tBOOK _u2015-6-25 _xBIBLIOTECA _PP24 _0COMPRA _o.STAFF. Colección General |
||
| 980 |
_81 _gALBERTO SANCHEZ Responsable de Automatización |
||